شرح الأسماء الحسنى في ضوء الكتاب و السنة : (رقم التسجيلة. 18809)

تفاصيل مارك
000 -الفاتح
عناصر البيانات ثابتة الطول 00882cam a2200193 i 4500
005 - تاريخ ووقت آخر معاملة
حقل ضبط 20251203101705.0
008 - عناصر البيانات ثابتة الطول
عناصر البيانات ثابتة الطول 250721s1993 su gr 000 0 ara d
082 14 - رقم تصنيف ديوي العشري
رقم التصنيف 214.1
رقم المادة ق ح ط
100 1# - مدخل رئيسي – اسم شخصي
الاسم الشخصي القحطاني، سعيد بن علي بن وهف
علاقة الشخص بالعمل/ دوره مؤلف.
245 1# - بيان العنوان
العنوان شرح الأسماء الحسنى في ضوء الكتاب و السنة :
بقية العنوان و لله الأسماء الحسنى /
بيان المسؤولية كتبه الفقير إلى الله تعالى سعيد بن علي بن وهف القحطاني ؛ راجعه الشيخ د. عبدالله بن عبد الرحمن الجبرين.
250 ## - بيان الطبعة
بيان الطبعة الطبعة الثالثة.
264 31 - بيانات النشر، التوزيع…إلخ
مكان النشر، التوزيع...إلخ الرياض :
تاريخ النشر، التوزيع...إلخ 1993.
اسم الناشر، الموزع...إلخ [غير معروف]،
300 ## - الوصف المادي
عدد الوحدات المكونة للوعاء 292 صفحة.
650 17 - مدخل إضافي بالموضوع - مصطلح موضوعي
مصطلح موضوعي أو اسم جغرافي كعنصر مدخل الإسلام
650 17 - مدخل إضافي بالموضوع - مصطلح موضوعي
مصطلح موضوعي أو اسم جغرافي كعنصر مدخل أصول الدين الإسلامي.
650 17 - مدخل إضافي بالموضوع - مصطلح موضوعي
مصطلح موضوعي أو اسم جغرافي كعنصر مدخل التوحيد.
942 ## - بيانات إضافية (كوها)
نوع التنصيف Dewey Decimal Classification
نوع المادة (كوها) كتب
المقتنيات
حالة السحب حالة الفقدان مصدر التصنيف حالة التلف غير قابل للإعارة المكتبة الرئيسية المكتبة الحالية موقع الرف تاريخ التزويد الرقم المتسلسل Total Checkouts رقم الإستدعاء الباركود تاريخ آخر ظهور تاريخ الفاتورة نوع المادة (كوها)
    Dewey Decimal Classification     المكتبة المركزية المكتبة المركزية الإعارة 07/01/2014 177096   214.1 / ق ح ط PLD00291689 28/07/2025 07/01/2014 كتب
Implemented & Customized by: BBB with SCIT (Smart Chains for Information Technology)

Powered by Koha